Joueurs les plus sélectionnés du XV de France - Statistiques

Statistiques générales
  • Ce quiz a été pris 172 fois
    67 depuis la dernière actualisation
  • Le résultat moyen est 7 sur 15
Statistiques - réponses
Hint Réponse % Correct
12. 80 sélections Thierry Dusautoir
84%
1. 118 sélections Fabien Pelous
72%
13. 79 sélections Gaël Fickou
64%
4. 93 sélections Serge Blanco
62%
15. 77 sélections Frédéric Michalak
60%
2. 111 sélections Philippe Sella
54%
3. 98 sélections Raphaël Ibañez
52%
7. 85 sélections Nicolas Mas
42%
10. 82 sélections Imanol Harinordoquy
28%
5. 89 sélections Olivier Magne
28%
8. 84 sélections Sylvain Marconnet
28%
6. 86 sélections Damien Traille
26%
14. 78 sélections Abdelatif Benazzi
24%
10. 82 sélections Louis Picamoles
18%
9. 83 sélections Dimitri Szarzewski
16%
Aucun quiz correspondant
Distribution des résultats
% des personnes avec chaque résultat
Percentile par nombre de réponses
Votre historique - résultats
Vous n’avez pas pris ce quiz depuis la dernière actualisation